| 000 | 00376cam a2200169 4500 | ||
|---|---|---|---|
| 001 | D12606 | ||
| 008 | 090401t1916 xxu||||| |||| 00| 0 eng d | ||
| 035 | _a(Sirsi) u94209 | ||
| 041 | _aeng | ||
| 100 | _aDavison, T. Raffles | ||
| 245 | _aPart Seuliged | ||
| 260 |
_aLondon _bB T Batsford _c1916 |
||
| 350 | _a0 | ||
| 520 | _aShelf 153 | ||
| 942 | _n0 | ||
| 948 | _c04/03/1997 | ||
| 999 |
_c97940 _d97940 |
||